1588 1803 1832 1446 1831 1310 1669 1495 1376 1624 1120 1027 1553 1804 1700 1113 1286 1311 1990 1576 1013 1988 1321 1764 1776 1523 1161 1649 1223 1786 1388 1210 1815 1793 1278 1625 1254 1974 1095 1274 1124 1768 1348 2000 1869 1494 1684 1932 1225 1302 1092 1795 1539 1924 1505 1506 1996 1916 1689 1915 1701 1815 1112 1884 1470 1841 1113 1911 1403 1287 1031 1538 1066 1370 1370 1313 1693 1456 1874 1143 1525 1908 1619 1290 1651 1930 1370 1709 1922 1191 1363 1362 1633 1862 1157 1851 1989 1321 1576 BCNSPRNW ULIB Ver.6.0+V

เปลี่ยนเป็นภาษาไทย

Change to English
 แสดงรายละเอียดบรรณานุกรม
  กลับหน้าหลัก

Brief Record : Get Marc (ISO 2709) : E-mail record : QR code < ปิดหน้าต่าง
LEADER : 00000nam 2200000uu 4500
001    13399120518
003     ULIB
008    120921s2547||||th 000 0 tha d
020    ^a9789742126469
060 04 ^aWB920^bร929อ 2547
100 1  ^aเฮนเดอร์สัน, โรเจอร์
245 10 ^aอยู่ 100 ปี ด้วย 100 วิธีรักษาสุขภาพ =^b100 ways to liveto 100 /^cโรเจอร์ เฮนเดอร์สัน, เขียน ; ปรียาธร พิทักษ์วรรัตน์, แปล ; นภาพิณ โอภาสานนท์, บรรณาธิการที่ปรึกษา
246 31 ^a100 ways to live to 100
260    ^aกรุงเทพฯ :^bซีเอ็ดยูเคชั่น,^c2547
300    ^a279 หน้า ;^c21 ซม.
650  7 ^aอายุวัฒนะ
650  7 ^aผู้สูงอายุ^xสุขภาพและอนามัย
650  7 ^aสุขภาพ
700 0  ^aปรียาธร พิทักษ์วรรัตน์,^eผู้แปล
700 0  ^aนภาพิณ โอภาสานนท์,^eบรรณาธิการ
700 1  ^aHenderson, Roger
945    ^p165^l0^i13567
995    ^aกัณชพร
999 ^a ใช้งานได้ทุกระบบ
รายการนี้ยังไม่มีแท็ก
คุณยังไม่ได้ล็อกอิน คุณสามารถมีกิจกรรมร่วมกับเว็บไซต์ได้ แต่ต้องล็อกอินก่อน ::
  ล็อกอิน

รายการสื่อสารสนเทศ

ลำดับที่ ประเภท เลขเรียก/บาร์โค้ด สถานที่ สถานะ
1. วิทยาศาสตร์การแพทย์ และสุขภาพ
วิทยาศาสตร์การแพทย์ และสุขภาพ
WB920 ร929อ 2547  
  Barcode: 13567
ห้องสมุดวิทยาเขตสวรรค์ประชารักษ์
►หนังสือทั่วไป
บนชั้น

รายการใกล้เคียง
    หัวเรื่อง [อายุวัฒนะ]
    หัวเรื่อง [สุขภาพ]

BibComment


ยังไม่เคยถูกคอมเมนท์

คอมเมนท์ทรัพยากรรายการนี้
  คอมเมนท์: อยู่ 100 ปี ด้วย..


 Copyright 2026. Bcnsprnw @Library